The intelligent investor's guide to real estate

Bibliographic Details
Main Author: Walters, David W.
Format: Book
Published: New York : John Wiley and Sons , 1980
Subjects:

MARC

LEADER 00000cam a2200000 7i4500
001 0000002573
005 20021119.0
040 |a INS 
090 0 0 |a HD1375.   |b W26 1980 
100 1 |a Walters, David W. 
245 1 4 |a The intelligent investor's guide to real estate   |c David W. Walters 
260 |a New York :   |b John Wiley and Sons ,   |c 1980 
300 |a 267p. ;   |c 24 cm. 
500 |a Includes index 
650 0 0 |a Real estate investment 
999 |a 0000000916   |b BOOK   |c Open Shelf   |e Default branch